Australian do-it-yourself manual
| Main Author: | |
|---|---|
| Format: | Book |
| Published: |
Australia :
Harper Collins ,
1992
|
| Subjects: |
MARC
| LEADER | 00000cam a2200000 7i4500 | ||
|---|---|---|---|
| 001 | 0000002174 | ||
| 002 | 000002371 | ||
| 005 | 20000330.0 | ||
| 020 | |a 0732273595 | ||
| 090 | 0 | 0 | |a 643.7 |b ARC |
| 100 | 0 | |a Archer, John | |
| 245 | 1 | 0 | |a Australian do-it-yourself manual |c John Archer,Albert Jackson and David Daj |
| 260 | |a Australia : |b Harper Collins , |c 1992 | ||
| 300 | |a 436p. : |b ill. ; |c 26cm. | ||
| 650 | 0 | 0 | |a Do-it-yourself work |
| 650 | 0 | 0 | |a Dwellings |x Maintenance and repair |x Amateurs' manuals |
| 999 | |a 033722 |b BUKU |c PINJAMAN |e PERPUSTAKAAN KOMUNITI PETALING JAYA | ||